Cities in Austria or Australia? - click quiz - Statistics

General Stats
  • This quiz has been taken 24 times
  • The average score is 15 of 16
Answer Stats
Hint Answer % Correct
Melbourne Australia
100%
Sydney Australia
100%
Perth Australia
100%
Darwin Australia
100%
Toowoomba Australia
100%
Vienna Austria
100%
Salzburg Austria
100%
Linz Austria
100%
Adelaide Australia
96%
Graz Austria
96%
Innsbruck Austria
96%
Villach Austria
96%
Sankt Pölten Austria
96%
Geelong Australia
92%
Hobart Australia
88%
Wels Austria
83%
No matching quizzes found
Score Distribution
Percent of People with Each Score
Percentile by Number Answered
Your Score History
You have not taken this quiz